000 00541nam a2200193 a 4500
001 19932
003 CO-ViMGA
008 141112s2004 ck r 000 u spa d
020 _a9587040147
040 _aCO-ViMGA
_bspa
_cCO-ViMGA
082 0 4 _aCo864.5 A111t
100 1 _aAbad Faciolince, Hector
_97830
245 1 0 _aTratado de culinaria para mujeres tristes
260 _aBogotá :
_bAlfaguara,
_c2002
300 _a127 p.
590 _aForma de adquisición : Premio Mincultura
650 1 4 _aENSAYOS COLOMBIANOS
_91215
942 _2ddc
_cBK
999 _c29054
_d29054